Η αιματηρή τροχιά του Νίκου Ζαχαριάδη στην Ελλάδα
Saved in:
| Main Author: | |
|---|---|
| Format: | Book |
| Language: | Greek |
| Published: |
Αθήνα :
Ισοκράτης,
[19--;].
|
| Subjects: | |
| Tags: |
Add Tag
No Tags, Be the first to tag this record!
|
MARC
| LEADER | 00000cam a2200000 i 4500 | ||
|---|---|---|---|
| 001 | 1/3331 | ||
| 008 | 100118q19uu gr | ||| |||| ||gre|| | ||
| 035 | |l 10106338 | ||
| 040 | |a GR-MyUA |b gre |e AACR2 | ||
| 041 | 0 | |a gre | |
| 082 | 0 | |a 320.532 |2 (22) | |
| 100 | 1 | |a Χονδροκούκης, Δημήτριος Ν. | |
| 245 | 1 | 2 | |a Η αιματηρή τροχιά του Νίκου Ζαχαριάδη στην Ελλάδα / |c Δημήτρη Ν. Χονδροκούκη. |
| 260 | |a Αθήνα : |b Ισοκράτης, |c [19--;]. | ||
| 300 | |a 222 σ. ; |c 21 εκ. | ||
| 610 | 2 | 0 | |a Κομμουνιστικό Κόμμα Ελλάδος. |
| 600 | 1 | 0 | |a Ζαχαριάδης, Νίκος, |d 1903-1973. |
| 650 | 0 | 0 | |a Communism |z Greece |x History |y 20th century. |
| 650 | 0 | 0 | |a Communist parties |z Greece. |
| 852 | |a INST |b SAMOS |e 20100118 |h 320.532 ΧΟΝ |p 005300030869 |q 005300030869 |t BK |y 0 | ||
| 901 | |a BIBL3-2010-1 | ||
| 909 | |a Σ |b 158531 | ||
| 970 | |a ΡΟΥΣΣΟΥ |b ΚΩΝΣΤΑΝΤΙΝΑ |z 2010/01/18 | ||